000 00843nam a2200217 a 4500
001 78290
003 BD-RjUL
005 20211209083119.0
008 210902s1968 ii ||||| |||| 00| 0 ben d
035 _a(BD-RjUL)78516
040 _aBD-RjUL
_beng
_cBD-RjUL
041 _aben
082 _223
_a954.14035
_bGUB 1968
100 _aগুপ্ত, সমুদ্র
_9247374
245 _aবঙ্গ ভঙ্গ /
_cসমুদ্র গুপ্ত
260 _aকলিকাতা :
_bআনন্দধারা প্রকাশন,
_c১৯৬৮
300 _a৩৯৫ পৃ.;
_c২২ সেমি.
650 _aবেঙ্গল (ইন্ডিয়া)
_xহিস্ট্রি
_xপার্টিশন,
_y১৯০৫
_9247375
650 _aBengal (India)
_xHistory
_xPartition,
_y1905.
_9247376
942 _2ddc
_cBK
999 _c78290
_d78290